000 00888nam a2200265 a 4500
001 63161
003 BD-RjUL
005 20211209081150.0
008 170128n1976 ii f001 0 eng
035 _a(BD-RjUL)63289
035 _a(OCoLC)3023938
040 _aDLC
_cNNepaSU
_dBD-RjUL
_beng
041 _aeng
082 _223
_a370.954
_bSEL 1976
245 0 0 _aSelections from educational records of the Government of India /
_cJ. P. Naik and Suresh Chandra Ghosh
260 _aDelhi :
_b Zakir Husain Centre for Educational Studies, Jawaharlal Nehru University,
_c1976.
300 _av.
_c25 cm.
504 _aIncludes index and bibliography
505 0 _a V. 1 (Development of university education, 1859-79)--
650 0 _aEducation
_zIndia.
_9176105
700 _aNaik, J. P.
_9187954
700 _aGhosh, Suresh Chandra
_9187955
942 _2ddc
_cBK
999 _c63161
_d63161